MDQL
is popping MORE tags! Check the
thread
!
Quizzes
Events
Quiz Creation
Community
Videos
Private Events
Remove Ads
Sign In
Join for FREE
Feedback
Dark Mode
Quiz Categories
Sports
Geography
Music
Movies
Television
Just For Fun
Miscellaneous
History
Literature
Language
Science
Gaming
Entertainment
Religion
Holiday
For Kids
Quiz Lab
Recent
Popular Today
Quiz Kudos Today
Editor Picks
Curator Picks
Quizzes by...
Day
Popularity
Type
Ratings
Length
Year
Community
Subscriptions
Recent Discussions
Orange Saloon
Badges
Playlists
Quests
Create
Leaderboards
Showdown
Live 5
Trivia Bingo
Activity
Puzzle Library
Sporcle Events
Private Events
Virtual Trivia
Globe League
Become a Host
Pub Owners
SporcleCon
Opinionation
Our Games
Videos
Blog
Mobile Apps
Partnerships
Remove Ads and Go Orange
Feedback
Entertainment
Celebrity
Famous
Musical
Broadway
Show
Quote
Comic Books
Anime
Superhero
DC Comics
Marvel
Cartoons
Animation
Entertainment
Celebrity
Famous
Musical
Broadway
Show
Quote
Comic Books
Anime
Superhero
DC Comics
Marvel
Cartoons
Animation
Random Quiz
Search Sporcle
×
Quiz Lab
Quiz Lab
Entertainment
initial
Type in answers that appear in a list
Type in answers that appear in a list
Classic
Best Score? Go Orange.
Pokemones iniciales Stats
Can you name the pokemones iniciales?
By
darkstacker192
4m
19 Questions
41 Plays
41 Plays
41 Plays
Comments
Comments
Give Quiz Kudos
Give Quiz Kudos
-
- Ratings
hide this ad
Replay
Link that replays current quiz
Next Quiz
Link to next quiz in quiz playlist
You Got
0%
They Got
Avg Score
72%
Avg Friend Score
Upgrade to see
Score Distribution
Jump to the score distribution portion of the page
Score
0/19
Timer
04:00
0
Plays Today
Hint
Answer
% Correct
tipo planta insertado 1 generacion p
bulbasaur
100%
tipo agua insetado 3 generacion a
mudkip
92.7%
tipo fuego insertado 1 generacion f
charmander
92.7%
tipo fuego insertado 4 generacion f
chimchar
85.4%
tipo agua insetado 2 generacion a
totodile
85.4%
tipo planta insertado 2 generacion p
chikorita
85.4%
tipo agua insetado 1generaciona
squirtle
82.9%
tipo fuego insertado 2 generacion f
cyndaquil
82.9%
tipo planta insertado 5 generacion p
snivy
78%
tipo electrico insertado 1 generacion e
pikachu
70.7%
Hint
Answer
% Correct
tipo fuego insertado 3 generacion f
torchic
68.3%
tipo agua insetado 5 generacion a
oshawott
65.9%
tipo agua insetado 6 generacion a
froakie
65.9%
tipo planta insertado 3 generacion p
treecko
65.9%
tipo planta insertado 6 generacion p
chespin
63.4%
tipo fuego insertado 5 generacion
tepig
63.4%
tipo planta insertado 4 generacion p
turtwig
51.2%
tipo fuego insertado 6 generacion f
fennekin
46.3%
tipo agua insetado 4 generacion a
piplop
29.3%
Quiz Playlist
Details
Report
Send in Message
Add To Playlist
Classic:
Type in answers that appear in a list
Last Updated: Feb 16, 2017
Quiz Scoreboard
CHALLENGE
Sign Up to Join the Scoreboard
Show All
Scores
Hide
Comments
May contain spoilers
Recently Published
Find the 'City' Movie
by crazypaving
Movies
60s
5x2 Blitz: Bands
by SL_Kpop136
Music
30s
Colored Red Africa Blitz
by spor1
Geography
30s
More to Explore
Quiz From the Vault
Featured Blog Post
14 Easter Pick-up Lines to Find Eggs With
hide this ad
You Might Also Like...
Tags
initial
Today's Top Quizzes in Entertainment
Browse Entertainment
hide this ad
Today's Top Quizzes in initial
Browse initial
Top Contributed Quizzes in Entertainment
1
Dragon Ball Z: Goku's Fights in Order
2
Celebrity Spelling Bee
3
Fairy Tail 12-1
4
Marvel Characters Bunker
5
X-Men: 10 to 1
6
'Dear Evan Hansen' Start to Finish
7
Click the 'C' Cartoon Characters II
8
Homestuck Ship Identification (Part 1)
9
How well do you know BTS?
10
Obscure Knowledge - 7 Dirty Words
Explore More
Trending Topics
Crossword
Harry Potter
Marvel
NBA
Disney
Anime
Kpop
NFL
Song
Country
WWE
Soccer
Puzzle
The Office
Pokémon
hide this ad
More By:
darkstacker192
Quiz
Plays
Rating
Category
Featured
Created
dioses griegos
68
History
Feb 5, 2016
pokemones iniciales
41
Entertainment
Feb 5, 2016
mobs de minecraft
13
Gaming
Feb 5, 2016
Go to Creator's Profile
Score Distribution
Quiz Creator Spotlight
darkstacker192
Follow
Send a Message
Quizzes Created
-
Created Quiz Play Count
-
More By This Creator
Popular Quizzes Today
1
5x2 Blitz: Bands
2
Find the 'City' Movie
3
Colored Red Africa Blitz
4
Find the US States - No Outlines Minefield
5
The Countries of the World
6
Find the US States
7
9x9 Crossword: Cartoon Network
8
US States
More Entertainment Quizzes
Click the 'M' Cartoon Characters
Quiz Lab
Trending Quizzes
Colored Red Africa Blitz II
Colored Red Europe Blitz I
Christmas Pick: Judaism
Colored Red Africa Blitz III
Colored Red Europe Blitz II
Recently Updated
Champions League XIs: Real Madrid
pecheneg
Largest US Cities 1790-2010
pecheneg
Rides in Walt Disney World
pecheneg
Most Oscar Losses (Acting)
pecheneg
Beyoncé Albums
pecheneg
Leaping Animals
pecheneg
Reality TV Shows (A-Z)
bhenderson79
Rickey Henderson's Hall of Fame Teammates
pecheneg
Champions League XIs: Arsenal
pecheneg
Quick Pick: Celebrities in WWE's Hall of Fame
aduchscher
Trending Topics
Disney
Anime
Kpop
Harry Potter
Crossword
NBA
Marvel
Pokémon
Soccer
NFL
The Office
Country
Song
Puzzle
WWE
Your Account Isn't Verified!
In order to create a playlist on Sporcle, you need to verify the email address you used during registration. Go to your
Sporcle Settings
to finish the process.
Report this User
Report this user for behavior that violates our
Community Guidelines
.
Details:
Send Report
Go to the Sporcle.com Mobile Site →
Comments